| 000 | 00590nam a2200181Ia 4500 | ||
|---|---|---|---|
| 005 | 20251014152138.0 | ||
| 008 | 251014s9999 xx 000 0 und d | ||
| 020 | _a0860372057 | ||
| 050 |
_aBP128.74 _b.M38 1990 |
||
| 082 |
_a297.122 _bMAW |
||
| 100 | _aMawdudi, Sayyid Abul A'la | ||
| 245 |
_aTowards understanding the Qur'an: _bEnglish version of Tafhim al-Qur'an, vol. 3, Surahs 7-9. |
||
| 260 |
_c1990 _aUnited Kingdom. _bIslamic Foundation. |
||
| 300 |
_bill.; maps _axxv, 346p. _c25cm. |
||
| 500 | _aIncludes gossary, bibliography and index. | ||
| 650 | _aQuran. | ||
| 942 |
_cBK _2lcc |
||
| 999 |
_c59901 _d59901 |
||